[Event "FRA T II 20102011"]
[Site "FRA"]
[Date "2010.10.17"]
[Round "1.5"]
[White "Gauthier, Arnaud"]
[Black "Migot, Tangi"]
[Result "0-1"]
[WhiteElo "2041"]
[BlackElo "2246"]
[PlyCount "74"]
[EventDate "2010.11.13"]
[EventType "team-match"]
[EventRounds "9"]
[EventCountry "FRA"]
[Source "FFE"]
[SourceDate "2010.10.29"]

1. e4 c5 2. Nf3 d6 3. d4 cxd4 4. Nxd4 Nf6 5. Nc3 a6 6. Bg5 e6 7. f4 Qb6 8. Qd2
Qxb2 9. Rb1 Qa3 10. Bxf6 gxf6 11. f5 b5 12. Rb3 Qa5 13. Be2 e5 14. Nf3 Bb7 15.
a4 b4 16. Nd5 Bxd5 17. exd5 Qxa4 18. Rxb4 Qd7 19. O-O Qa7+ 20. Kh1 Nd7 21. Rfb1
Nc5 22. Rb6 Be7 23. Qh6 Bd8 24. R6b4 a5 25. Bb5+ Ke7 26. Nxe5 dxe5 27. d6+ Kxd6
28. Rd1+ Ke7 29. Rc4 Bb6 30. Rxc5 Bxc5 31. Rd7+ Qxd7 32. Bxd7 Rhd8 33. h4 Rxd7
34. Qxh7 a4 35. g4 a3 36. g5 a2 37. gxf6+ Kd6 0-1

[Event "FRA T II 20102011"]
[Site "FRA"]
[Date "2010.10.17"]
[Round "1.8"]
[White "Rigolot, Lucie"]
[Black "Afraoui, Solenn"]
[Result "1-0"]
[WhiteElo "1946"]
[BlackElo "1852"]
[PlyCount "71"]
[EventDate "2010.11.13"]
[EventType "team-match"]
[EventRounds "9"]
[EventCountry "FRA"]
[Source "FFE"]
[SourceDate "2010.10.29"]

1. e4 c5 2. Nf3 d6 3. d4 cxd4 4. Nxd4 Nf6 5. Nc3 g6 6. Be3 Bg7 7. f3 O-O 8. Qd2
Nc6 9. g4 Bxg4 10. fxg4 Nxg4 11. Nxc6 bxc6 12. Bg5 Rb8 13. Be2 Ne5 14. Rb1 Re8
15. O-O Qd7 16. Nd1 Qe6 17. b3 d5 18. exd5 cxd5 19. Nf2 Qc6 20. Nd3 Nd7 21. Be3
e6 22. Bf3 Qc7 23. Qf2 Nf6 24. Rbc1 Rbd8 25. Bg2 d4 26. Bg5 Rd7 27. Bxf6 Bh6
28. Be5 Qd8 29. Bf4 Bxf4 30. Qxf4 Rf8 31. Ne5 Rc7 32. Nc6 Qc8 33. Nxd4 Re8 34.
Qf2 e5 35. Nb5 Qd7 36. Nxc7 1-0

[Event "FRA T II 20102011"]
[Site "FRA"]
[Date "2010.10.17"]
[Round "1.1"]
[White "Bernard, Christophe"]
[Black "Goulenok, Eric"]
[Result "1-0"]
[WhiteElo "2347"]
[BlackElo "2171"]
[PlyCount "69"]
[EventDate "2010.11.13"]
[EventType "team-match"]
[EventRounds "9"]
[EventCountry "FRA"]
[Source "FFE"]
[SourceDate "2010.10.29"]

1. d4 Nf6 2. Nf3 g6 3. c4 c5 4. d5 b5 5. cxb5 a6 6. b6 a5 7. Nc3 Ba6 8. g3 d6
9. Bg2 Bg7 10. O-O O-O 11. Re1 Nbd7 12. e4 Ng4 13. h3 Nge5 14. Nxe5 Nxe5 15.
Na4 Bb5 16. Bg5 h6 17. Bd2 Nd3 18. Re3 Bxa4 19. Qxa4 Nxb2 20. Qb5 Nc4 21. Qxc4
Bxa1 22. Rb3 Bg7 23. Bf1 a4 24. Rb1 Qd7 25. b7 Rab8 26. Qa6 f5 27. Qc6 Qd8 28.
Qxa4 Bd4 29. Ba5 Qe8 30. Qxe8 Rfxe8 31. exf5 gxf5 32. Bc7 Kf7 33. Bc4 Kf6 34.
a4 Bc3 35. a5 1-0

[Event "FRA T II 20102011"]
[Site "FRA"]
[Date "2010.11.13"]
[Round "2.4"]
[White "Yacob, Francois"]
[Black "Vallet, Marc"]
[Result "1-0"]
[WhiteElo "2147"]
[BlackElo "2204"]
[PlyCount "70"]
[EventDate "2010.11.13"]
[EventType "team-match"]
[EventRounds "9"]
[EventCountry "FRA"]
[Source "FFE"]
[SourceDate "2010.10.29"]

1. e4 c5 2. Nf3 Nc6 3. d4 cxd4 4. Nxd4 Nf6 5. Nc3 e5 6. Ndb5 d6 7. Bg5 a6 8.
Na3 b5 9. Nd5 Be7 10. Bxf6 Bxf6 11. c3 Ne7 12. Nc2 Nxd5 13. Qxd5 Rb8 14. Nb4
Bb7 15. Qd3 O-O 16. g3 Be7 17. Nd5 Bxd5 18. Qxd5 Qc7 19. a3 Rb6 20. Be2 Rc6 21.
O-O Rc5 22. Qd3 Rd8 23. Rfd1 Qb7 24. b4 Rc4 25. Qd2 Rc7 26. Qe3 Rdc8 27. Bg4
Rb8 28. a4 Qc6 29. axb5 axb5 30. Ra3 g6 31. Be2 Kg7 32. Rd5 h5 33. Qd3 h4 34.
Qe3 hxg3 35. hxg3 Rcb7 {suite illisible} 1-0

[Event "FRA T II 20102011"]
[Site "FRA"]
[Date "2010.10.17"]
[Round "1.1"]
[White "Bouhallel, Rabah"]
[Black "Ringoir, Tanguy"]
[Result "1/2-1/2"]
[WhiteElo "2290"]
[BlackElo "2379"]
[PlyCount "70"]
[EventDate "2010.11.13"]
[EventType "team-match"]
[EventRounds "9"]
[EventCountry "FRA"]
[Source "FFE"]
[SourceDate "2010.10.29"]

1. d4 d5 2. Nf3 Nf6 3. c3 c6 4. Bf4 Bf5 5. e3 e6 6. Nbd2 Qb6 7. Qb3 Be7 8. Nh4
Bg6 9. Nxg6 hxg6 10. h3 O-O 11. Bd3 Nbd7 12. O-O Rfe8 13. Rfe1 Bf8 14. Nf3 c5
15. Qc2 Rac8 16. Rad1 Bd6 17. Bxd6 Qxd6 18. Bb5 a6 19. Bxd7 Qxd7 20. dxc5 Rxc5
21. e4 Qc7 22. exd5 Rxd5 23. Rxd5 Nxd5 24. Qe4 Nf6 25. Qa4 Qb6 26. Re2 Rd8 27.
Qc2 Rd5 28. c4 Rd8 29. b3 Qc5 30. Rd2 Rc8 31. Qd1 Ne4 32. Rd8+ Kh7 33. Rxc8
Qxf2+ 34. Kh2 Qg3+ 35. Kg1 Qf2+ 1/2-1/2

[Event "FRA T II 20102011"]
[Site "FRA"]
[Date "2010.10.17"]
[Round "1.2"]
[White "Eliet, Nicolas"]
[Black "Vallet, Marc"]
[Result "1/2-1/2"]
[WhiteElo "2410"]
[BlackElo "2200"]
[PlyCount "66"]
[EventDate "2010.11.13"]
[EventType "team-match"]
[EventRounds "9"]
[EventCountry "FRA"]
[Source "FFE"]
[SourceDate "2010.10.29"]

1. d4 Nf6 2. c4 e5 3. dxe5 Ng4 4. e3 Nxe5 5. Nc3 Bc5 6. Nh3 O-O 7. Nf4 Re8 8.
Be2 a5 9. b3 Bf8 10. Bb2 d6 11. O-O Na6 12. Qc2 g6 13. Rad1 Bf5 14. e4 Bd7 15.
Nfd5 c6 16. Ne3 Qh4 17. f4 Nb4 18. Qd2 Ng4 19. Bxg4 Bxg4 20. Rde1 Bg7 21. h3
Bd7 22. f5 Rad8 23. a3 Na6 24. Ng4 gxf5 25. exf5 Rxe1 26. Rxe1 Bxf5 27. Ne4
Bxg4 28. Bxg7 Kxg7 29. Qd4+ Kg6 30. Nf2 Nc5 31. hxg4 Qf6 32. Qd2 d5 33. Nh3 Ne4
{suite illisible} 1/2-1/2

[Event "FRA T II 20102011"]
[Site "FRA"]
[Date "2010.10.17"]
[Round "1.4"]
[White "Hetey, Laszlo"]
[Black "Roger, Mehdi"]
[Result "1/2-1/2"]
[WhiteElo "2339"]
[BlackElo "2186"]
[PlyCount "66"]
[EventDate "2010.11.13"]
[EventType "team-match"]
[EventRounds "9"]
[EventCountry "FRA"]
[Source "FFE"]
[SourceDate "2010.10.29"]

1. d4 Nf6 2. c4 g6 3. Nc3 Bg7 4. e4 d6 5. f3 O-O 6. Bg5 c5 7. d5 e6 8. Qd2 exd5
9. cxd5 h6 10. Be3 a6 11. a4 Re8 12. Nge2 Nh7 13. h4 h5 14. Nf4 Nd7 15. Be2 Ne5
16. g3 Bd7 17. O-O b6 18. Rab1 Qc7 19. Kg2 Reb8 20. Rfc1 b5 21. b3 Qa5 22. Nh3
Rb7 23. Nf2 Rab8 24. axb5 axb5 25. f4 Ng4 26. Bxg4 hxg4 27. b4 cxb4 28. Na2 f5
29. Nxb4 Re8 30. Rc6 Bxc6 31. dxc6 Rbe7 32. Qxd6 Re6 33. Qd1 Bf8 1/2-1/2

[Event "FRA T II 20102011"]
[Site "FRA"]
[Date "2010.10.17"]
[Round "1.4"]
[White "Dessenne, Francois"]
[Black "Friess, Nicolas"]
[Result "0-1"]
[WhiteElo "2074"]
[BlackElo "2297"]
[PlyCount "66"]
[EventDate "2010.11.13"]
[EventType "team-match"]
[EventRounds "9"]
[EventCountry "FRA"]
[Source "FFE"]
[SourceDate "2010.10.29"]

1. e4 e6 2. d4 d5 3. Nd2 Be7 4. Bd3 c5 5. dxc5 Nf6 6. Qe2 O-O 7. Ngf3 a5 8. O-O
Na6 9. e5 Nd7 10. c3 Naxc5 11. Bc2 b6 12. Re1 f6 13. exf6 Bxf6 14. Nb3 Ba6 15.
Qe3 g6 16. Qh6 Qe7 17. Nbd4 e5 18. Nc6 Qf7 19. Bg5 Rae8 20. Rad1 e4 21. Bxf6
Qxf6 22. Ng5 Qxf2+ 23. Kh1 Nf6 24. Nd4 Re7 25. b4 Ng4 26. Qh3 Qf4 27. Kg1 Qxg5
28. bxc5 Nf2 29. Qg3 Qxg3 30. hxg3 Nxd1 31. Rxd1 e3 32. cxb6 e2 33. Nxe2 Rxe2
0-1

[Event "FRA T II 20102011"]
[Site "FRA"]
[Date "2010.10.17"]
[Round "1.2"]
[White "Bertrand, Xavier"]
[Black "Wallart, Adrien"]
[Result "0-1"]
[WhiteElo "2125"]
[BlackElo "2201"]
[PlyCount "66"]
[EventDate "2010.11.13"]
[EventType "team-match"]
[EventRounds "9"]
[EventCountry "FRA"]
[Source "FFE"]
[SourceDate "2010.10.29"]

1. d4 Nf6 2. Nf3 g6 3. Bg5 Bg7 4. Nbd2 O-O 5. e4 d5 6. exd5 Qxd5 7. Bc4 Qd6 8.
c3 Be6 9. Bxf6 exf6 10. O-O Bg4 11. h3 Bf5 12. Re1 Nc6 13. b4 Rae8 14. Qb3 Nd8
15. Rxe8 Rxe8 16. Qa4 c6 17. Qxa7 Qf4 18. Qa5 Bf8 19. Kf1 b5 20. Be2 Bc2 21.
Rc1 Ba4 22. Bd1 Bxd1 23. Rxd1 Qf5 24. Qa3 Qd3+ 25. Kg1 Bh6 26. Qb3 Ne6 27. Nf1
Qf5 28. a4 Nf4 29. N3h2 Ne2+ 30. Kh1 Qxf2 31. Nf3 Nf4 32. Rd2 Qxf1+ 33. Kh2
Nxg2 0-1

[Event "FRA T II 20102011"]
[Site "FRA"]
[Date "2010.10.17"]
[Round "1.8"]
[White "Binetruy, Typhanie"]
[Black "Le Pape, Valery"]
[Result "0-1"]
[WhiteElo "1499"]
[BlackElo "1985"]
[PlyCount "64"]
[EventDate "2010.11.13"]
[EventType "team-match"]
[EventRounds "9"]
[EventCountry "FRA"]
[Source "FFE"]
[SourceDate "2010.10.29"]

1. e4 c5 2. Be2 Nc6 3. Nf3 g6 4. O-O Bg7 5. Bc4 e6 6. Nc3 Nge7 7. e5 Nxe5 8.
Nxe5 Bxe5 9. Re1 Bg7 10. d3 O-O 11. Be3 d5 12. Bb5 d4 13. Bg5 dxc3 14. bxc3 h6
15. Bf4 Nd5 16. Re4 Nxc3 17. Qe1 Nxb5 18. a4 Nd4 19. c3 Nc2 20. Qd1 Nxa1 21.
Qxa1 Qxd3 22. Qe1 Rd8 23. g3 Bxc3 24. Qe3 Qxe3 25. Rxe3 Rd1+ 26. Kg2 Bd4 27.
Re4 b6 28. Kf3 Bb7 29. g4 Rd3+ 30. Kg2 Bxe4+ 31. Kf1 Bf3 32. Kg1 Rd1# 0-1

[Event "FRA T II 20102011"]
[Site "FRA"]
[Date "2010.11.13"]
[Round "2.3"]
[White "Stevens, Christian"]
[Black "De Apresentacao, Christophe"]
[Result "1-0"]
[WhiteElo "2095"]
[BlackElo "2047"]
[PlyCount "60"]
[EventDate "2010.11.13"]
[EventType "team-match"]
[EventRounds "9"]
[EventCountry "FRA"]
[Source "FFE"]
[SourceDate "2010.10.29"]

1. e4 d5 2. Nc3 dxe4 3. Nxe4 Nf6 4. Nxf6+ exf6 5. Nf3 c5 6. Bb5+ Bd7 7. Qe2+
Be7 8. O-O O-O 9. Bxd7 Qxd7 10. c3 Nc6 11. d4 cxd4 12. Nxd4 Bc5 13. Nb3 Bb6 14.
Qb5 Rad8 15. a4 Rfe8 16. Bf4 Ne5 17. Qxd7 Rxd7 18. a5 Bc7 19. Rfd1 Rde7 20. Kf1
g5 21. Bxe5 Bxe5 22. Nc5 Rb8 23. Ne4 h6 24. g4 b6 25. a6 b5 26. Rd5 Kg7 27. h3
Rb6 28. b4 Bb8 29. Ke2 Ree6 30. Ra5 Rxa6 {suite illisible} 1-0

[Event "FRA T II 20102011"]
[Site "FRA"]
[Date "2010.10.17"]
[Round "1.3"]
[White "Julve, Philippe"]
[Black "Cappon, John"]
[Result "1/2-1/2"]
[WhiteElo "2241"]
[BlackElo "2242"]
[PlyCount "60"]
[EventDate "2010.11.13"]
[EventType "team-match"]
[EventRounds "9"]
[EventCountry "FRA"]
[Source "FFE"]
[SourceDate "2010.10.29"]

1. d4 e6 2. c4 Nf6 3. Nc3 Bb4 4. e3 b6 5. Nge2 Bb7 6. a3 Bd6 7. f3 Nh5 8. f4
Qh4+ 9. g3 Nxg3 10. Nxg3 Bxh1 11. Qe2 Bb7 12. Qf2 a6 13. Bd2 f5 14. O-O-O O-O
15. Be1 Nc6 16. Qg1 Qh6 17. Be2 g6 18. Na4 Be7 19. Bd3 Nd8 20. Nc3 b5 21. cxb5
axb5 22. Bxb5 d5 23. Bd3 Qg7 24. Rd2 Kh8 25. Rg2 Qf7 26. Nf1 Rg8 27. Nd2 c5 28.
Nf3 Bf6 29. Rc2 Rc8 30. Kb1 c4 1/2-1/2

[Event "FRA T II 20102011"]
[Site "FRA"]
[Date "2010.10.17"]
[Round "1.7"]
[White "Roffe, Benoit"]
[Black "Kempinski, Andre"]
[Result "1-0"]
[WhiteElo "1908"]
[BlackElo "2089"]
[PlyCount "57"]
[EventDate "2010.11.13"]
[EventType "team-match"]
[EventRounds "9"]
[EventCountry "FRA"]
[Source "FFE"]
[SourceDate "2010.10.29"]

1. e4 c5 2. Nc3 Nc6 3. g3 g6 4. Bg2 Bg7 5. d3 d6 6. Be3 Rb8 7. Qd2 b5 8. Nge2
b4 9. Nd1 Nd4 10. O-O Bh3 11. Bxd4 Bxg2 12. Bxg7 Bxf1 13. Bxh8 Bxe2 14. Qxe2 f6
15. Qg4 Qc8 16. Qh4 h5 17. f4 Qe6 18. Ne3 Qf7 19. Nd5 Rb7 20. a3 bxa3 21. Rxa3
Kf8 22. b3 Nh6 23. Ra6 Kg8 24. Bxf6 exf6 25. Qxf6 Rd7 26. Rxd6 Kh7 27. Rxd7
Qxd7 28. Ne7 Qg4 29. Kf2 1-0

[Event "FRA T II 20102011"]
[Site "FRA"]
[Date "2010.10.17"]
[Round "1.7"]
[White "Ledoux, Alain"]
[Black "Bouvier, Clement"]
[Result "0-1"]
[WhiteElo "1978"]
[BlackElo "1883"]
[PlyCount "58"]
[EventDate "2010.11.13"]
[EventType "team-match"]
[EventRounds "9"]
[EventCountry "FRA"]
[Source "FFE"]
[SourceDate "2010.10.29"]

1. e4 c6 2. d4 d5 3. e5 Bf5 4. f4 e6 5. Nf3 Nd7 6. Be2 h5 7. Nbd2 Nh6 8. Nf1
Be7 9. Ng3 Bh4 10. O-O Bxg3 11. hxg3 Ng4 12. Nh4 Nf8 13. b3 Ng6 14. Nxf5 exf5
15. Qd3 Ne7 16. Ba3 Qd7 17. c4 Rd8 18. Bd6 Qe6 19. Rac1 Nc8 20. cxd5 Qxd5 21.
Bf3 Qa5 22. Bc5 Ne7 23. Rfe1 Rh6 24. Bxe7 Kxe7 25. Qxf5 Rxd4 26. Qg5+ Kf8 27.
Bxg4 hxg4 28. Qxg4 Qb6 29. Qc8+ Rd8+ 0-1

[Event "FRA T II 20102011"]
[Site "FRA"]
[Date "2010.10.17"]
[Round "1.1"]
[White "Calistri, Tristan"]
[Black "Benoit, Michel"]
[Result "0-1"]
[WhiteElo "2397"]
[BlackElo "2208"]
[PlyCount "58"]
[EventDate "2010.11.13"]
[EventType "team-match"]
[EventRounds "9"]
[EventCountry "FRA"]
[Source "FFE"]
[SourceDate "2010.10.29"]

1. e4 c5 2. Nf3 e6 3. d4 cxd4 4. Nxd4 a6 5. Bd3 g6 6. Be3 Bg7 7. Nd2 Ne7 8. c3
O-O 9. O-O f5 10. exf5 gxf5 11. Qh5 Nbc6 12. N2f3 Qe8 13. Qh3 Nd5 14. Bd2 Nxd4
15. cxd4 b6 16. Rfe1 Qg6 17. Ne5 Bxe5 18. Rxe5 Bb7 19. Rae1 Kh8 20. Bf1 Rg8 21.
Qa3 Qg4 22. Qd6 Qf3 23. Kh1 Nf4 24. R5e3 Qxf2 25. Qe5+ Rg7 26. Rg3 Ng6 27. Rxg6
hxg6 28. Bh6 Rag8 29. Rc1 Kh7 0-1

[Event "FRA T II 20102011"]
[Site "FRA"]
[Date "2010.10.17"]
[Round "1.6"]
[White "Forissier, Nicolas"]
[Black "Bochef, Bryann"]
[Result "1-0"]
[WhiteElo "1987"]
[BlackElo "1960"]
[PlyCount "55"]
[EventDate "2010.11.13"]
[EventType "team-match"]
[EventRounds "9"]
[EventCountry "FRA"]
[Source "FFE"]
[SourceDate "2010.10.29"]

1. d4 Nf6 2. c4 c5 3. d5 e6 4. Nc3 exd5 5. cxd5 d6 6. Nf3 Qe7 7. g3 g6 8. Bg2
Bg7 9. O-O O-O 10. Nd2 Bd7 11. a4 Na6 12. Nc4 Nb4 13. Bg5 Rad8 14. Qd2 a6 15.
Qf4 Bf5 16. e4 b5 17. axb5 Bc8 18. Rad1 Nc2 19. Na5 Qe5 20. Qd2 Nd4 21. b6 Qe8
22. Rfe1 Bd7 23. Nb7 Bg4 24. Nxd8 Bxd1 25. Rxd1 Qxd8 26. Qf4 Nh5 27. Bxd8 Nxf4
28. Bc7 1-0

[Event "FRA T II 20102011"]
[Site "FRA"]
[Date "2010.10.17"]
[Round "1.2"]
[White "Rihouay, Clement"]
[Black "Barthes, Christian"]
[Result "1/2-1/2"]
[WhiteElo "2232"]
[BlackElo "2125"]
[PlyCount "56"]
[EventDate "2010.11.13"]
[EventType "team-match"]
[EventRounds "9"]
[EventCountry "FRA"]
[Source "FFE"]
[SourceDate "2010.10.29"]

1. e4 e6 2. d4 d5 3. Nc3 Nf6 4. Bg5 Bb4 5. exd5 Qxd5 6. Bxf6 Bxc3+ 7. bxc3 gxf6
8. Qg4 Qg5 9. Qxg5 fxg5 10. h4 g4 11. Ne2 Nd7 12. Ng3 Nf6 13. Bd3 Bd7 14. Ne4
Nxe4 15. Bxe4 Bc6 16. Bxc6+ bxc6 17. Rb1 Kd7 18. Kd2 Rab8 19. Rb3 Rb5 20. Rhb1
Rhb8 21. Rxb5 Rxb5 22. Rxb5 cxb5 23. Ke3 h5 24. Kf4 f6 25. f3 gxf3 26. Kxf3 Ke7
27. Ke4 c6 28. Kf4 Kf7 1/2-1/2

[Event "FRA T II 20102011"]
[Site "FRA"]
[Date "2010.10.17"]
[Round "1.7"]
[White "Guez, Fabien"]
[Black "Levrey, Olivier"]
[Result "1-0"]
[WhiteElo "2037"]
[BlackElo "1520"]
[PlyCount "54"]
[EventDate "2010.11.13"]
[EventType "team-match"]
[EventRounds "9"]
[EventCountry "FRA"]
[Source "FFE"]
[SourceDate "2010.10.29"]

1. e4 e5 2. Nf3 Nc6 3. Bb5 d6 4. O-O Bd7 5. c3 Nf6 6. Re1 Be7 7. d4 a6 8. Ba4
exd4 9. cxd4 O-O 10. Nc3 b5 11. Bc2 Na5 12. e5 dxe5 13. dxe5 Ne8 14. Qd3 g6 15.
Bh6 Ng7 16. Rad1 Be6 17. Qe2 Qc8 18. Ne4 f6 19. exf6 Bxf6 20. Nxf6+ Rxf6 21.
Qe5 Nh5 22. Bg5 Rxf3 23. gxf3 Nc4 24. Qxe6+ Qxe6 25. Rxe6 Nxb2 26. Re7 c5 27.
Be4 Rf8 1-0

[Event "FRA T II 20102011"]
[Site "FRA"]
[Date "2010.10.17"]
[Round "1.3"]
[White "Fossier, Francois"]
[Black "Boudrenghien, Francois"]
[Result "1/2-1/2"]
[WhiteElo "2244"]
[BlackElo "2072"]
[PlyCount "53"]
[EventDate "2010.11.13"]
[EventType "team-match"]
[EventRounds "9"]
[EventCountry "FRA"]
[Source "FFE"]
[SourceDate "2010.10.29"]

1. d4 d6 2. e4 Nf6 3. Nc3 e5 4. dxe5 dxe5 5. Qxd8+ Kxd8 6. Bg5 Bd6 7. g3 c6 8.
f4 h6 9. O-O-O Ke7 10. fxe5 Bxe5 11. Bf4 Bxc3 12. Bd6+ Ke8 13. bxc3 Nxe4 14.
Re1 f5 15. Nf3 Nd7 16. Nh4 Nb6 17. Bd3 Be6 18. Be5 Rg8 19. Rhf1 Nd7 20. Bd4 Kd8
21. g4 Bxa2 22. Nxf5 Nef6 23. c4 b5 24. cxb5 cxb5 25. h3 a6 26. Nxg7 Rxg7 27.
Rxf6 {suite illisible} 1/2-1/2

[Event "FRA T II 20102011"]
[Site "FRA"]
[Date "2010.11.14"]
[Round "3.1"]
[White "Rene, Benoit"]
[Black "Petitcunot, Pierre"]
[Result "0-1"]
[WhiteElo "2292"]
[BlackElo "2403"]
[PlyCount "44"]
[EventDate "2010.11.13"]
[EventType "team-match"]
[EventRounds "9"]
[EventCountry "FRA"]
[Source "FFE"]
[SourceDate "2010.10.29"]

1. b3 e5 2. Bb2 Nc6 3. e3 Nf6 4. Bb5 Bd6 5. Na3 Na5 6. Be2 c6 7. c4 b6 8. Nc2
O-O 9. Nf3 e4 10. Ng5 Be7 11. d3 d5 12. cxd5 Qxd5 13. Nxe4 Nxe4 14. dxe4 Qxe4
15. Bf3 Qg6 16. Qe2 Nb7 17. O-O Nc5 18. Nb4 Bb7 19. Qc2 Qh6 20. Rfd1 Rac8 21.
Nd3 Ne6 22. Ne5 Rfe8 {suite illisible} 0-1

[Event "FRA T II 20102011"]
[Site "FRA"]
[Date "2010.10.17"]
[Round "1.7"]
[White "Miller, Vincent"]
[Black "Marlier, Gaetan"]
[Result "1/2-1/2"]
[WhiteElo "2064"]
[BlackElo "1948"]
[PlyCount "25"]
[EventDate "2010.11.13"]
[EventType "team-match"]
[EventRounds "9"]
[EventCountry "FRA"]
[Source "FFE"]
[SourceDate "2010.10.29"]

1. g3 d6 2. Bg2 e5 3. d3 f5 4. Nc3 Nf6 5. e4 Be7 6. h3 c6 7. Nge2 O-O 8. O-O
Na6 9. f4 fxe4 10. dxe4 Nc7 11. b3 Be6 12. Bb2 Bf7 13. Qe1 {suite illisible}
1/2-1/2

[Event "FRA T II 20102011"]
[Site "FRA"]
[Date "2010.10.17"]
[Round "1.5"]
[White "Bonnaud, Remy"]
[Black "Franot, Philippe"]
[Result "1-0"]
[WhiteElo "2157"]
[BlackElo "2089"]
[PlyCount "193"]
[EventDate "2010.11.13"]
[EventType "team-match"]
[EventRounds "9"]
[EventCountry "FRA"]
[Source "FFE"]
[SourceDate "2010.10.29"]

1. e4 e5 2. Nf3 Nc6 3. Bc4 Be7 4. d4 exd4 5. Nxd4 d6 6. Nc3 Nf6 7. O-O Nxd4 8.
Qxd4 O-O 9. Bf4 a6 10. a4 b6 11. Rad1 Bg4 12. Rde1 Qc8 13. Qd2 Re8 14. f3 Be6
15. Bxe6 Qxe6 16. Rd1 Rad8 17. Qd3 Qc8 18. Rd2 Nd7 19. Nd5 Nc5 20. Qc4 a5 21.
b3 Bf8 22. Rfd1 Rd7 23. Be3 Rdd8 24. Bd4 Ne6 25. Bf2 Kh8 26. Qc3 f6 27. Bg3 Qb8
28. Bf2 Qc8 29. Qc6 Qd7 30. Qc4 Rb8 31. Nc3 Rbc8 32. Bg3 Nc5 33. Bf2 Ne6 34.
Nd5 Rb8 35. Qc3 Qf7 36. Qc6 Rec8 37. Qc4 Qd7 38. Be3 Qe8 39. Qe2 Qf7 40. Qf2 f5
41. exf5 Qxf5 42. Qh4 Re8 43. Re1 Rbc8 44. Qc4 Qf7 45. Rde2 Nc5 46. Nxb6 Qxc4
47. Nxc4 Nb7 48. Bd2 Rxe2 49. Rxe2 Ra8 50. Kf1 d5 51. Ne3 c6 52. Nf5 g6 53.
Bc3+ Kg8 54. Ne7+ Kf7 55. Nxc6 Rc8 56. Ne5+ Kg8 57. Be1 Bd6 58. Nd3 Kf7 59. Bf2
Nd8 60. Bb6 Nc6 61. g3 d4 62. Re4 Be7 63. Ke2 Bf6 64. Kd1 h5 65. Bc5 Rd8 66.
Ba3 Rd5 67. Bc1 g5 68. Bd2 Be7 69. f4 gxf4 70. Bxf4 Bf6 71. Bd2 Be7 72. Bc1 Kf6
73. Nf4 Rd6 74. Ba3 Nb4 75. Bxb4 axb4 76. Nxh5+ Kf7 77. Nf4 Bf6 78. Nd3 Rb6 79.
Ne5+ Kg7 80. Nc4 Rb8 81. Ke2 Kg6 82. Kd3 Kf5 83. Rf4+ Ke6 84. Re4+ Kd5 85. Re2
Rg8 86. Rf2 Ke6 87. Rf4 Rh8 88. Rf2 Rg8 89. Rg2 Kd5 90. Nd2 Re8 91. Re2 Rc8 92.
Ne4 Be5 93. Rf2 Rg8 94. Nf6+ Bxf6 95. Rxf6 Re8 96. Rf5+ Ke6 97. Rb5 1-0

[Event "FRA T II 20102011"]
[Site "FRA"]
[Date "2010.11.13"]
[Round "2.6"]
[White "Bonnaud, Remy"]
[Black "Bernard, Serge"]
[Result "1-0"]
[WhiteElo "2163"]
[BlackElo "2060"]
[PlyCount "165"]
[EventDate "2010.11.13"]
[EventType "team-match"]
[EventRounds "9"]
[EventCountry "FRA"]
[Source "FFE"]
[SourceDate "2010.10.29"]

1. e4 g6 2. d4 Bg7 3. Bc4 c5 4. Qf3 e6 5. dxc5 Qa5+ 6. Bd2 Qxc5 7. Bc3 f6 8.
Bb3 Ne7 9. Ne2 O-O 10. Bd4 Qc7 11. Nbc3 Nbc6 12. Qg3 Qxg3 13. hxg3 Nxd4 14.
Nxd4 f5 15. Rd1 Nc6 16. Nxc6 bxc6 17. exf5 Rxf5 18. O-O Bxc3 19. bxc3 Rc5 20.
c4 a5 21. a4 Kf7 22. Rd4 Ke7 23. Rfd1 Ra7 24. Rh4 h5 25. g4 d5 26. gxh5 dxc4
27. h6 Kf6 28. h7 Rxh7 29. Rxh7 cxb3 30. cxb3 Rc3 31. Rd8 Ba6 32. Ra7 Bd3 33.
Rb8 Bc2 34. f4 Kf5 35. Rxa5+ Kxf4 36. Rf8+ Bf5 37. Kh2 Rxb3 38. Rc5 Ra3 39.
Rxc6 Rxa4 40. Rxe6 Kg4 41. Re3 Kh4 42. Rg3 Bg4 43. Rh8+ Kg5 44. Rc3 Bf5 45.
Rg3+ Bg4 46. Rc8 Rb4 47. Rc5+ Kh4 48. Ra3 Bf5 49. Rca5 Kg5 50. R5a4 Rb2 51. Ra2
Rb3 52. Rf2 Rc3 53. Rf3 Rc2 54. Rg3+ Kf6 55. Ra6+ Ke5 56. Ra5+ Kf4 57. Ra4+ Ke5
58. Re3+ Kf6 59. Kg1 Kg5 60. Rf3 Rb2 61. Rf2 Rb3 62. Rd2 Rc3 63. Rdd4 Rc2 64.
Rdc4 Rb2 65. Ra5 Rb3 66. Rd4 Rc3 67. Ra2 Rb3 68. Kf2 Rc3 69. Re2 Ra3 70. Re3
Ra5 71. Kf3 Rc5 72. g4 Bc8 73. Kg3 Bb7 74. Rd6 Bc8 75. Rd4 Bb7 76. Rb4 Bc6 77.
Ra3 Bd7 78. Rd3 Bc8 79. Rbd4 Bb7 80. Rd7 Be4 81. Re3 Ba8 82. Rde7 Rc2 83. R3e5+
1-0

[Event "FRA T II 20102011"]
[Site "FRA"]
[Date "2010.10.17"]
[Round "1.1"]
[White "Santamaria, Jorge"]
[Black "Gantner, Ludovic"]
[Result "1/2-1/2"]
[WhiteElo "2177"]
[BlackElo "2205"]
[PlyCount "148"]
[EventDate "2010.11.13"]
[EventType "team-match"]
[EventRounds "9"]
[EventCountry "FRA"]
[Source "FFE"]
[SourceDate "2010.10.29"]

1. c4 Nf6 2. Nc3 g6 3. g3 Bg7 4. Bg2 O-O 5. d3 d6 6. Bg5 h6 7. Bd2 c5 8. Nf3
Nc6 9. O-O Rb8 10. Rb1 a6 11. a3 b5 12. cxb5 axb5 13. b4 cxb4 14. axb4 Qb6 15.
Be3 Qc7 16. Qd2 Ng4 17. Nd5 Qd8 18. Bf4 e5 19. Be3 Be6 20. Ne1 Ne7 21. Nxe7+
Qxe7 22. Nc2 Rfd8 23. Na1 f5 24. h3 Nxe3 25. Qxe3 Qf7 26. Qd2 Ba2 27. Rb2 Be6
28. Rbb1 Rdc8 29. Rfc1 Ba2 30. Rxc8+ Rxc8 31. Rc1 Rxc1+ 32. Qxc1 Bd5 33. Qc8+
Kh7 34. e4 fxe4 35. dxe4 Be6 36. Qc6 Qd7 37. Qxd7 Bxd7 38. Nc2 Bf8 39. Bf1 Bc6
40. Bd3 Be7 41. Kf1 Kg7 42. Ke2 Kf7 43. f3 Ke6 44. Ne3 d5 45. exd5+ Bxd5 46.
Bxb5 Bb3 47. Be8 Bxb4 48. Bxg6 Ba4 49. Bf5+ Kd6 50. Bd3 Ke6 51. Bc4+ Kd7 52.
Ng4 Bf8 53. Nxe5+ Kd6 54. Nd3 Bd7 55. h4 Bg7 56. Ke3 Ke7 57. Ke4 Bc3 58. h5 Kf6
59. g4 Bc6+ 60. Bd5 Ba4 61. Ke3 Bb5 62. f4 Bxd3 63. Kxd3 Bb2 64. Ke4 Bc1 65.
Bb7 Bd2 66. Bc8 Bc1 67. Bf5 Bd2 68. Bg6 Bc1 69. g5+ hxg5 70. fxg5+ Kxg5 71. Ke5
Kh6 72. Kf6 Bb2+ 73. Kf7 Bc3 74. Bc2 Bd4 1/2-1/2